000 00851cam a22002177a 4500
001 000018014
005 20200929165322.0
008 820911s1979 pn 000 0 spa
040 _aDO-SdBNP
_cDLC
_dDLC
_dBNPHU
082 _aP862.44
_bA662p
100 1 _aArango, Alfredo Alberto,
_d1945-
_939058
245 1 0 _aPepita de Marañón :
_b(es mas, el dia de la lata) /
_cAlfredo Alberto Arango , Edgar Soberón Torchia.
260 _aRepública de Panamá :
_bEdiciones Instituto Nacional de Cultura,
_c1979.
300 _a33 p. ; 21 cm.
490 1 _aColeccion Premio "Ricardo Miro." Seccion teatro ;
_v1978
650 4 _aTeatro panameño
_95455
650 4 _aLiteratura panameña
_94261
700 1 _aSoberón Torchia, Edgar
_939059
830 0 _aColeccion Premio "Ricardo Miro." Seccion teatro ;
_n1978
_939060
910 _aCatalogación por copia / LC
999 _c17536
_d17536